[Event "Rome Cittadino La Lupa"]
[Site "Rome"]
[Date "2011.05.16"]
[Round "3"]
[White "Casella, Carlo"]
[Black "Cannavo, Giuseppe"]
[Result "1-0"]
[WhiteElo "1704"]
[BlackElo "1272"]
[PlyCount "77"]
[EventDate "2011.05.05"]
[EventType "swiss"]
[EventRounds "7"]
[EventCountry "ITA"]
[SourceTitle "EXT 2024"]
[Source "ChessBase"]
[SourceDate "2023.10.10"]
[SourceVersion "1"]
[SourceVersionDate "2023.10.10"]
[SourceQuality "1"]

1. e4 Nc6 2. d4 d5 3. e5 e6 4. Nf3 h6 5. c3 Nge7 6. Bd3 b6 7. Qc2 Nf5 8. Bf4 Bd7 9. Nbd2 Na5 10. h3 Nh4 11. Nxh4 Qxh4 12. Bg3 Qg5 13. Nf3 Qd8 14. 0-0 Be7 15. Nd2 Qc8 16. Qd1 Qb7 17. f4 f5 18. Qh5+ Kd8 19. Qf7 Rh7 20. Qg6 Rh8 21. Qxg7 Re8 22. Qxh6 c5 23. Qh5 c4 24. Bc2 Kc7 25. Qd1 Rg8 26. Rf3 Raf8 27. Bf2 Rh8 28. Qe1 Rf7 29. Rg3 Qb8 30. Nf3 Bc6 31. Ng5 Bxg5 32. Rxg5 Rg8 33. Bh4 Bd7 34. Rxg8 Qxg8 35. Bg5 Qg6 36. Bd1 Rh7 37. h4 Be8 38. Qg3 Qg8 39. Bd8+ 1-0

[Event "Rome Nobile Memorial 4th"]
[Site "Rome"]
[Date "2011.01.25"]
[Round "3"]
[White "Arceri, Paolo"]
[Black "Cannavo, Giuseppe"]
[Result "1-0"]
[WhiteElo "1464"]
[BlackElo "1317"]
[PlyCount "59"]
[EventDate "2011.01.13"]
[EventType "swiss"]
[EventRounds "7"]
[EventCountry "ITA"]
[SourceTitle "EXT 2012"]
[Source "ChessBase"]
[SourceDate "2011.11.24"]
[SourceVersion "1"]
[SourceVersionDate "2011.11.24"]
[SourceQuality "1"]

1. d4 d5 2. Nf3 Nf6 3. e3 Nc6 4. c4 b6 5. Nc3 e6 6. cxd5 exd5 7. Bb5 Bd7 8. Qa4 Nb8 9. Ne5 Qe7 10. Nxd7 Nbxd7 11. b3 Qe6 12. Bc6 Rd8 13. Qb5 Bb4 14. Bxd7+ Rxd7 15. Qxb4 a5 16. Qb5 0-0 17. Ba3 Rfd8 18. 0-0 h6 19. Rac1 Kh7 20. Qd3+ Kg8 21. Rc2 c6 22. Rfc1 b5 23. Ne2 Rc7 24. Nf4 Qc8 25. Rc5 Rdd7 26. Qc2 Qe8 27. Rxc6 Qe4 28. Rxc7 Qxc2 29. R1xc2 Rxc7 30. Rxc7 1-0

[Event "Rome La Lupa op"]
[Site "Rome"]
[Date "2010.05.20"]
[Round "3"]
[White "Cannavo, Giuseppe"]
[Black "Crucioli, Marco"]
[Result "0-1"]
[WhiteElo "1386"]
[BlackElo "1646"]
[PlyCount "68"]
[EventDate "2010.05.09"]
[EventType "swiss"]
[EventRounds "7"]
[EventCountry "ITA"]
[SourceTitle "EXT 2024"]
[Source "ChessBase"]
[SourceDate "2023.10.10"]
[SourceVersion "1"]
[SourceVersionDate "2023.10.10"]
[SourceQuality "1"]

1. g3 e5 2. Bg2 d6 3. Nc3 c6 4. e4 Ne7 5. d3 Ng6 6. Nf3 Be7 7. 0-0 0-0 8. Re1 f5 9. Ne2 Na6 10. a3 fxe4 11. dxe4 Bg4 12. Nd2 Nc5 13. f3 Be6 14. Kh1 Qd7 15. b4 Na6 16. c3 Nc7 17. Bb2 a5 18. Qc2 a4 19. Rf1 Bh3 20. Qd3 Bxg2+ 21. Kxg2 b5 22. c4 h5 23. Rg1 Ne6 24. Kf2 Ng5 25. Ke1 Qh3 26. Nf1 Nxf3+ 27. Kd1 Nxg1 28. Ne3 Qxh2 29. Kc2 Nxe2 30. Kb1 Rf3 31. Qd2 Bg5 32. Qxd6 Bxe3 33. Qxg6 Raf8 34. Ka2 Nc3# 0-1

[Event "Rome La Lupa op"]
[Site "Rome"]
[Date "2010.05.09"]
[Round "1"]
[White "Cannavo, Giuseppe"]
[Black "Di Dario, Dario"]
[Result "0-1"]
[WhiteElo "1386"]
[BlackElo "1773"]
[PlyCount "79"]
[EventDate "2010.05.09"]
[EventType "swiss"]
[EventRounds "7"]
[EventCountry "ITA"]
[SourceTitle "EXT 2024"]
[Source "ChessBase"]
[SourceDate "2023.10.10"]
[SourceVersion "1"]
[SourceVersionDate "2023.10.10"]
[SourceQuality "1"]

1. e4 c5 2. Nc3 Nc6 3. Nf3 e6 4. Bb5 Qc7 5. a3 Nf6 6. h3 Nd4 7. a4 a6 8. Bd3 Be7 9. b3 0-0 10. 0-0 b6 11. Re1 Bb7 12. Ba3 d6 13. Be2 Nxe4 14. Nxe4 Bxe4 15. Nxd4 cxd4 16. Bd3 Qb7 17. Bb2 Bf6 18. Rb1 Bxg2 19. Qg4 Bf3 20. Be4 Bxe4 21. Rxe4 e5 22. Qg2 Rac8 23. Rg4 Qxg2+ 24. Rxg2 Rxc2 25. Bc1 Rfc8 26. Ba3 R8c6 27. Kh2 Rxd2 28. Rc1 Rxc1 29. Bxc1 Rc2 30. Ba3 d5 31. b4 d3 32. Kg1 d2 33. Kh2 d1Q 34. b5 Qd4 35. Kg1 e4 36. Bd6 Rc1+ 37. Kh2 Be5+ 38. Bxe5 Qxe5+ 39. Rg3 e3 40. fxe3 0-1